| 000 | 01907nam a2200457 c 4500 | ||
|---|---|---|---|
| 999 |
_c115515 _d115515 |
||
| 003 | BLK | ||
| 005 | 20200428144434.0 | ||
| 008 | 180409b bul|||||r ||||||| ||bul|| | ||
| 010 | _aKNG00121000000 | ||
| 040 | _aBLK | ||
| 041 |
_aBUL _cBUL |
||
| 080 |
_aЖивопис - художници _b75.071.1 _x(44)(092) _z75.071.1(44)(092) |
||
| 080 |
_aФренски живописец ХV в. _b929 Лимбург, Пол _z929 Лимбург, Пол |
||
| 080 |
_aФренски живописец ХV в. _b929 Лимбург, Ерман _z929 Лимбург, Ерман |
||
| 080 |
_aФренски живописец ХV в. _b929 Лимбург, Жанекен _z929 Лимбург, Жанекен |
||
| 100 | 1 |
_aПетров, Цанко _eпърви автор _9257752 |
|
| 139 |
_aПетров, Цанко _bЛ 59 _gЛ 59 П |
||
| 245 | 1 | 0 |
_aБратя Лимбург _bНаучна студия _cЦанко Петров. |
| 257 | _aBGR | ||
| 260 |
_bБълг. художник _c1983 |
||
| 300 |
_a96 с., 16 л. _bрепрод. _c16 см |
||
| 380 | _a7 | ||
| 490 | 1 | _aБиблиотека Епохи, майстори, шедьоври | |
| 500 | _aБел. към текста. - Списък на ил. | ||
| 600 | 1 | 4 |
_aЛимбург, Жанекен _9314160 |
| 600 | 1 | 4 |
_aЛимбург, Пол _9314161 |
| 600 | 1 | 4 |
_aЛимбург, Ерман _9314162 |
| 650 | 4 |
_aХудожници, френски _9249195 |
|
| 651 | 4 |
_aФранция _9179722 |
|
| 653 | _aживопис | ||
| 653 | _aРенесанс | ||
| 653 | _aбратя Лимбург | ||
| 653 | _aготика | ||
| 653 | _aминиатюри | ||
| 653 | _aбрабантски художници | ||
| 852 | _aЦб І 20778 | ||
| 856 | 4 | _qpdf | |
| 856 | 4 | _qpdf | |
| 942 |
_cKNG _n0 _s1 |
||
| 944 |
_aCR _c27.01.2011 _lдобави в АБ / 26.01.2011 _kИрена_Линкова |
||
| 944 |
_aED _c24.07.2015 _lдобави в АБ / 26.01.2011 _kИрена_Линкова |
||
| 999 | _d115515 | ||